Southville International School and Colleges
Your cart is empty.
  • Cart
  • Lists
    Public lists Eva Luna New books Lux_list list_1
    Your lists Log in to create your own lists
  • Log in to your account
  • Your cookies
  • Search history
Southville International School and Colleges
  • Advanced search
  • Recent comments
  • Most popular
  • Libraries

Log in to your account

Log in with GOOGLE


If you do not have an external account, but do have a local account, you can still log in:

  1. Home
  2. MARC view: California planning and pacing guide :
Normal view MARC view ISBD view

California planning and pacing guide : (Record no. 112886)

[ view plain ]
MARC details
000 -LEADER
fixed length control field 00447nam a2200157 a 4500
001 - CONTROL NUMBER
control field 0813
005 - DATE AND TIME OF LATEST TRANSACTION
control field 20140414131955.0
008 - FIXED-LENGTH DATA ELEMENTS--GENERAL INFORMATION
fixed length control field 040930s19uu xx 00 eng d
020 ## - INTERNATIONAL STANDARD BOOK NUMBER
International Standard Book Number 0-15-325199-9
050 ## - LIBRARY OF CONGRESS CALL NUMBER
Classification number TR 372.7
Item number Ma42 G1
245 ## - TITLE STATEMENT
Title California planning and pacing guide :
Remainder of title Harcourt math, grade 1.
260 ## - PUBLICATION, DISTRIBUTION, ETC. (IMPRINT)
Place of publication, distribution, etc Orlando :
Name of publisher, distributor, etc Harcourt,
Date of publication, distribution, etc [n.d.]
300 ## - PHYSICAL DESCRIPTION
Extent CA212 p. ; cm.
650 ## - SUBJECT ADDED ENTRY--TOPICAL TERM
Topical term or geographic name as entry element Mathematics
General subdivision Study and teaching.
Holdings
Withdrawn status Lost status Damaged status Use restrictions Home library Current library Shelving location Date acquired Source of acquisition Total Checkouts Full call number Barcode Date last seen Price effective from Koha item type
        Munich Library Munich Library Teachers Reference Section 09/30/2004     TR 372.7 Ma42 G1 M4299 04/14/2014 04/14/2014 Books

California planning and pacing guide :

APA

California planning and pacing guide. Orlando: Harcourt.

Chicago

California planning and pacing guide. Orlando: Harcourt.

Harvard

California planning and pacing guide. Orlando: Harcourt.

MLA

Orlando: Harcourt. .

  • Place hold
  • Print
  • Cite
  • Add to your cart (remove)
  • Save record
    BIBTEX Dublin Core MARCXML MARC (non-Unicode/MARC-8) MARC (Unicode/UTF-8) MARC (Unicode/UTF-8, Standard) MODS (XML) RIS
  • More searches
    Search for this title in:
    Other Libraries (WorldCat) Other Databases (Google Scholar) Online Stores (Bookfinder.com) Open Library (openlibrary.org)

Exporting to Dublin Core...

SOUTHVILLE LIBRARY

Southville International School and Colleges Library

1281 Tropical Ave. Cor. Luxembourg St., BF Homes International, Las Pinas City

Tel. No. 8256374 / 252358 Loc. 117/146

Powered by Koha